000 00552nam a2200241 a 4500
001 nice12345678
003 IN_TiNIC
005 20260116011537.0
008 050524s1906 lona grp 000 0 per
020 _a
_c100
082 0 0 _a891.51
_bZIY
100 _aZiya, S Mohd
245 _aGuldasta-I-Khirad
260 _aLondon
_bNo Publisher
_c1906
300 _a246p
500 _aincludes index and biblioraphy
505 2 _aIndex
650 _aPersian Poetry
700 1 _aZiya, S Mohd
902 _bRBA
942 _cBK
999 _c2486
_d2486